Некоторые физикохимические вопросы метода АПН и его применение в контроле производства люминофоров: автореферат диссертации на соискание ученой степени кандидата химических наук

Մատենագիտական մանրամասներ
Հիմնական հեղինակ: Балецкая Л. Г.
Համատեղ հեղինակ: Томский государственный университет
Այլ հեղինակներ: Стромберг А. Г. Армин Генрихович (научный руководитель), Захаров М. С.
Ամփոփում:Защита сост. 4.07.1967 г.
Լեզու:ռուսերեն
Հրապարակվել է: Чимкент, [Б. и.], 1967
Խորագրեր:
Ձևաչափ: Գիրք
KOHA link:https://koha.lib.tpu.ru/cgi-bin/koha/opac-detail.pl?biblionumber=336203

MARC

LEADER 00000nam0a2200000 4500
001 336203
005 20250225063228.0
035 |a (RuTPU)RU\TPU\book\362619 
090 |a 336203 
100 |a 20171010d1967 k y0rusy50 ca 
101 0 |a rus 
102 |a KZ 
105 |a y dm 001zy 
200 1 |a Некоторые физикохимические вопросы метода АПН и его применение в контроле производства люминофоров  |e автореферат диссертации на соискание ученой степени кандидата химических наук  |f Л. Г. Балецкая  |g Томский государственный университет (ТГУ) ; науч. рук. А. Г. Стромберг, М. С. Захаров 
210 |a Чимкент  |c [Б. и.]  |d 1967 
215 |a 15 с. 
300 |a Защита сост. 4.07.1967 г. 
320 |a Библиогр.: с. 14-15 (9 назв.) 
606 1 |a Полярография амальгамная  |2 stltpush  |3 (RuTPU)RU\TPU\subj\50821  |9 69455 
606 1 |a Люминофоры  |x Производство  |2 stltpush  |3 (RuTPU)RU\TPU\subj\31903  |9 54628 
610 1 |a производство 
610 1 |a контроль 
610 1 |a необратимые электродные процессы 
610 1 |a электролиз 
610 1 |a потенциал 
610 1 |a авторефераты диссертаций 
610 1 |a труды учёных ТПУ 
610 1 |a библиотека А. Г. Стромберга 
675 |a 543.552(04)  |v 4 
675 |a 661.143(04)  |v 4 
700 1 |a Балецкая  |b Л. Г. 
702 1 |a Стромберг  |b А. Г.  |c химик, специалист в области классической полярографии и инверсионной вольтамперометрии  |c профессор Томского политехнического института  |f 1910-2004  |g Армин Генрихович  |3 (RuTPU)RU\TPU\pers\11188  |4 727  |9 2478 
702 1 |a Захаров  |b М. С.  |4 727 
712 0 2 |a Томский государственный университет  |c 1917-2009  |7 ca  |8 rus  |3 (RuTPU)RU\TPU\col\397  |9 23396 
801 1 |a RU  |b 63413507  |c 20171010 
801 2 |a RU  |b 63413507  |c 20180130  |g RCR 
942 |c BK